Preferencie motivačných faktorov u pedagogických zamestnancov

Problematika preferencií motivačných faktorov z pohľadu pohlaví u pedagogických zamestnancov. Výsledky prieskumu preferencií motivačných faktorov u pedagogických pracovníkov.

Guardado en:
Detalles Bibliográficos
Autor principal: Harausová, Helena
Formato: Capítulo de libro
Lenguaje:eslovaco
Materias:
Etiquetas: Agregar Etiqueta
Sin Etiquetas, Sea el primero en etiquetar este registro!

MARC

LEADER 00000naa a2200000 4500
001 0124322
005 20231127102132.7
041 0 |a slo 
044 |a SK 
245 1 0 |a Preferencie motivačných faktorov u pedagogických zamestnancov  |c Helena Harausová 
520 |a Problematika preferencií motivačných faktorov z pohľadu pohlaví u pedagogických zamestnancov. Výsledky prieskumu preferencií motivačných faktorov u pedagogických pracovníkov. 
610 2 0 |a motivácia 
610 2 0 |a učitelia 
610 2 0 |a pedagogika 
610 2 0 |a ženy 
610 2 0 |a muži 
610 2 0 |a preferencie 
610 2 0 |a školstvo 
100 1 |a Harausová, Helena